[Event "Deggendorf op 3rd"]
[Site "Deggendorf"]
[Date "2010.09.04"]
[Round "2"]
[White "Haselbeck, Robert"]
[Black "Froechel, Thomas"]
[Result "1-0"]
[WhiteElo "1449"]
[BlackElo "929"]
[PlyCount "51"]
[EventDate "2010.09.03"]
[EventType "swiss"]
[EventRounds "5"]
[EventCountry "GER"]
[SourceTitle "CBM 138 Extra"]
[Source "ChessBase"]
[SourceDate "2010.10.29"]
[SourceVersion "1"]
[SourceVersionDate "2010.10.29"]
[SourceQuality "1"]

1. e4 e5 2. Nf3 d6 3. d4 exd4 4. Nxd4 Nf6 5. Nc3 g6 6. Bg5 Bg7 7. Bc4 c6 8. 0-0 0-0 9. Nf3 Qe7 10. Re1 Nbd7 11. Bf4 Ne5 12. Nxe5 dxe5 13. Bg5 Be6 14. Bxe6 Qxe6 15. Qf3 Rfd8 16. Rad1 Rd6 17. Rxd6 Qxd6 18. Rd1 Qe6 19. Rd3 Rc8 20. Qd1 Qg4 21. Rd8+ Bf8 22. Qxg4 Nxg4 23. Rxc8 Kg7 24. h3 h6 25. hxg4 hxg5 26. Rc7 1-0

[Event "Deggendorf op 2nd"]
[Site "Deggendorf"]
[Date "2008.05.16"]
[Round "1"]
[White "Froechel, Thomas"]
[Black "Kleibel, Uwe"]
[Result "0-1"]
[WhiteElo "999"]
[BlackElo "1641"]
[PlyCount "68"]
[EventDate "2008.05.16"]
[EventType "swiss"]
[EventRounds "5"]
[EventCountry "GER"]
[SourceTitle "CBM 124 Extra"]
[Source "ChessBase"]
[SourceDate "2008.07.03"]
[SourceVersion "1"]
[SourceVersionDate "2008.07.03"]
[SourceQuality "1"]

1. e4 e6 2. Nf3 d5 3. d3 dxe4 4. Ne5 Nf6 5. Bg5 h6 6. Bh4 exd3 7. Bxd3 Nbd7 8. Nf3 Be7 9. Bb5 c6 10. Ba4 0-0 11. 0-0 a5 12. c4 Nb6 13. Ne5 Qxd1 14. Rxd1 Nxa4 15. b3 Nb6 16. a4 g5 17. Bg3 Ne4 18. Rd4 Nxg3 19. hxg3 Bf6 20. f4 Nd7 21. Nc3 Nxe5 22. fxe5 Bxe5 23. Rd3 Bxc3 24. Rxc3 Rd8 25. Ra2 e5 26. Re2 f6 27. Re4 Bf5 28. Re1 Rd3 29. Rxd3 Bxd3 30. g4 Rd8 31. Rd1 Rd4 32. Kf2 Bc2 33. Rh1 Kg7 34. Rh3 Rd3 0-1